Prestasi kerdja pekerdjaan2 dalam bidang kehutanan. (Record no. 89325)

MARC details
000 -LEADER
fixed length control field 00844cam a22002651 4500
001 - CONTROL NUMBER
control field sa 68020270
003 - CONTROL NUMBER IDENTIFIER
control field DLC
005 - DATE AND TIME OF LATEST TRANSACTION
control field 20260227112723.0
008 - FIXED-LENGTH DATA ELEMENTS--GENERAL INFORMATION
fixed length control field 780720s1965 io f000 0 ind
010 ## - LIBRARY OF CONGRESS CONTROL NUMBER
LC control number sa 68020270
035 ## - SYSTEM CONTROL NUMBER
System control number (OCoLC)4068113
040 ## - CATALOGING SOURCE
Original cataloging agency DLC
Transcribing agency NIC
Modifying agency DLC
041 0# - LANGUAGE CODE
Language code of text/sound track or separate title ind
Language code of summary or abstract ger
042 ## - AUTHENTICATION CODE
Authentication code premarc
050 00 - LIBRARY OF CONGRESS CALL NUMBER
Classification number SD387.L3
Item number W37
100 1# - MAIN ENTRY--PERSONAL NAME
Personal name Wasono, Pramoe.
245 10 - TITLE STATEMENT
Title Prestasi kerdja pekerdjaan2 dalam bidang kehutanan.
260 ## - PUBLICATION, DISTRIBUTION, ETC.
Place of publication, distribution, etc. Bogor,
Name of publisher, distributor, etc. Lembaga Penelitian Ekonomi Kehutanan,
Date of publication, distribution, etc. 1965.
300 ## - PHYSICAL DESCRIPTION
Extent 9, 4, 4, 4 p.
Dimensions 32 cm.
490 1# - SERIES STATEMENT
Series statement Lembaga2 penelitian kehutanan ; laporan
Volume/sequential designation no. 7, 1965
500 ## - GENERAL NOTE
General note Summary in German.
650 #0 - SUBJECT ADDED ENTRY--TOPICAL TERM
Topical term or geographic name entry element Forests and forestry
General subdivision Labor productivity.
650 #0 - SUBJECT ADDED ENTRY--TOPICAL TERM
Topical term or geographic name entry element Forests and forestry
Geographic subdivision Indonesia.
810 2# - SERIES ADDED ENTRY--CORPORATE NAME
Corporate name or jurisdiction name as entry element Lembaga Lembaga Penelitian Kehutanan.
Title of a work Laporan ;
Volume/sequential designation no. 7, 1965.

No items available.

Powered by Koha